00359nam a2200121Ia 4500008004100000024001700041082002500058100002100083245004900104260002500153600002100178650003800199250506s9999 xx 000 0 und d a01B-36-BS-4Y a005.942753129072 TAL aTalha Hasan Khan 0aERP Project Management Practices in Pakistan aKarachi:bUIT,c2001 aComputer Science aBachelor of Computer Science (BS)